000 00982cam a22002654a 4500
001 83
003 BD-RjUL
005 20211208233117.0
008 131115s2008 ii d f b 001 0aeng d
035 _a(BD-RjUL)92
040 _aBD-RjUL
_beng
_c(BD-RjUL)
041 _aeng
082 0 0 _a005.101
_222
_bRIW 2007
100 1 _aRiley, John S.
_9286
245 1 0 _aWriting fast programs:
_ba practical guide for scientists and engineers /
_cJohn Riley.
260 _aNew Dellhi:
_bCambridge International Science Pub.,
_cc2008.
300 _axxvii, 328 p. :
_bill. ;
_c24 cm. + 1 CD-ROM (4 3/4 in.)
504 _aIncludes bibliographical references (p. 313-321) and index.
650 0 _aComputer programming.
_9287
650 0 _aEngineering mathematics
_xData processing.
_9288
650 0 _aProgram transformation (Computer programming)
_9289
653 _ascientific programming
856 4 1 _3Table of contents only
_uhttp://www.loc.gov/catdir/toc/fy0707/2006491629.html
942 _2ddc
_cBK
999 _c83
_d83